Journal of Composite materials

Na minha lista:
Detalhes bibliográficos
Formato: Livro
Idioma:Undetermined
Publicado em: Lancaster, Pa., etc Technomic Pub. Co.
Assuntos:
Tags: Adicionar Tag
Sem tags, seja o primeiro a adicionar uma tag!
Thư viện lưu trữ: Trung tâm Học liệu Trường Đại học Cần Thơ
LEADER 00463nam a2200157Ia 4500
001 CTU_184130
008 210402s9999 xx 000 0 und d
082 |a 620.1 
082 |b C736 
245 0 |a Journal of Composite materials 
245 0 |c Washington University (Saint Louis, Mo.) 
260 |a Lancaster, Pa., etc 
260 |b Technomic Pub. Co. 
650 |a Composite materials 
904 |i T.Trang 
980 |a Trung tâm Học liệu Trường Đại học Cần Thơ